<?xml version="1.0" encoding="UTF-8"?>
<record
    xmlns:xsi="http://www.w3.org/2001/XMLSchema-instance"
    xsi:schemaLocation="http://www.loc.gov/MARC21/slim http://www.loc.gov/standards/marcxml/schema/MARC21slim.xsd"
    xmlns="http://www.loc.gov/MARC21/slim">

  <leader>00332nam a22001097a 4500</leader>
  <controlfield tag="008">230606b        xxu||||| |||| 00| 0 eng d</controlfield>
  <datafield tag="082" ind1=" " ind2=" ">
    <subfield code="a">338.91091724</subfield>
    <subfield code="b">DPR</subfield>
  </datafield>
  <datafield tag="245" ind1=" " ind2=" ">
    <subfield code="a">Development Policy Review</subfield>
    <subfield code="b">Developmental State in the New Millennium</subfield>
  </datafield>
  <datafield tag="260" ind1=" " ind2=" ">
    <subfield code="a">United Kingdom</subfield>
    <subfield code="b">Blackwell Publishing Ltd</subfield>
    <subfield code="c">2007</subfield>
  </datafield>
  <datafield tag="300" ind1=" " ind2=" ">
    <subfield code="a">656 p</subfield>
  </datafield>
  <datafield tag="942" ind1=" " ind2=" ">
    <subfield code="2">ddc</subfield>
    <subfield code="c">BK</subfield>
  </datafield>
  <datafield tag="999" ind1=" " ind2=" ">
    <subfield code="c">558</subfield>
    <subfield code="d">558</subfield>
  </datafield>
  <datafield tag="952" ind1=" " ind2=" ">
    <subfield code="0">0</subfield>
    <subfield code="1">0</subfield>
    <subfield code="2">ddc</subfield>
    <subfield code="4">0</subfield>
    <subfield code="7">0</subfield>
    <subfield code="a">001</subfield>
    <subfield code="b">001</subfield>
    <subfield code="d">2023-06-06</subfield>
    <subfield code="l">0</subfield>
    <subfield code="o">338.91091724 DPR</subfield>
    <subfield code="p">10015148</subfield>
    <subfield code="r">2023-06-06</subfield>
    <subfield code="t">Vol 25, January 2007, No 1</subfield>
    <subfield code="w">2023-06-06</subfield>
    <subfield code="y">BK</subfield>
  </datafield>
  <datafield tag="952" ind1=" " ind2=" ">
    <subfield code="0">0</subfield>
    <subfield code="1">0</subfield>
    <subfield code="2">ddc</subfield>
    <subfield code="4">0</subfield>
    <subfield code="7">0</subfield>
    <subfield code="a">001</subfield>
    <subfield code="b">001</subfield>
    <subfield code="d">2023-06-06</subfield>
    <subfield code="l">0</subfield>
    <subfield code="o">338.91091724 DPR</subfield>
    <subfield code="p">10015144</subfield>
    <subfield code="r">2023-06-06</subfield>
    <subfield code="t">Vol 25, No 6, November 2007</subfield>
    <subfield code="w">2023-06-06</subfield>
    <subfield code="y">BK</subfield>
  </datafield>
  <datafield tag="952" ind1=" " ind2=" ">
    <subfield code="0">0</subfield>
    <subfield code="1">0</subfield>
    <subfield code="2">ddc</subfield>
    <subfield code="4">0</subfield>
    <subfield code="7">0</subfield>
    <subfield code="a">001</subfield>
    <subfield code="b">001</subfield>
    <subfield code="d">2023-06-06</subfield>
    <subfield code="l">0</subfield>
    <subfield code="o">338.91091724 DPR</subfield>
    <subfield code="p">10015146</subfield>
    <subfield code="r">2023-06-06</subfield>
    <subfield code="t">Vol 25, No 4, July 2007</subfield>
    <subfield code="w">2023-06-06</subfield>
    <subfield code="y">BK</subfield>
  </datafield>
  <datafield tag="952" ind1=" " ind2=" ">
    <subfield code="0">0</subfield>
    <subfield code="1">0</subfield>
    <subfield code="2">ddc</subfield>
    <subfield code="4">0</subfield>
    <subfield code="7">0</subfield>
    <subfield code="a">001</subfield>
    <subfield code="b">001</subfield>
    <subfield code="d">2023-06-06</subfield>
    <subfield code="l">0</subfield>
    <subfield code="o">338.91091724 DPR</subfield>
    <subfield code="p">10015147</subfield>
    <subfield code="r">2023-06-06</subfield>
    <subfield code="t">Vol 25, Number 2, March 2007</subfield>
    <subfield code="w">2023-06-06</subfield>
    <subfield code="y">BK</subfield>
  </datafield>
  <datafield tag="952" ind1=" " ind2=" ">
    <subfield code="0">0</subfield>
    <subfield code="1">0</subfield>
    <subfield code="2">ddc</subfield>
    <subfield code="4">0</subfield>
    <subfield code="7">0</subfield>
    <subfield code="a">001</subfield>
    <subfield code="b">001</subfield>
    <subfield code="d">2023-06-06</subfield>
    <subfield code="l">0</subfield>
    <subfield code="o">338.91091724 DPR</subfield>
    <subfield code="p">10015145</subfield>
    <subfield code="r">2023-06-06</subfield>
    <subfield code="t">Vol 25, No 3, May 2007</subfield>
    <subfield code="w">2023-06-06</subfield>
    <subfield code="y">BK</subfield>
  </datafield>
</record>
